000 00508ntaaa2200193 4500
003 01
005 20251027201258.0
008 0714s1973 ag 01
040 _aAR-BaBN
_bspa
_cAR-BaBN
_eaacr
_dRIC
082 _a221.0000 W77
100 _aWhitehouse, Owen C.
_910962
245 _aBooks of the Old Testament
250 _a1 ed. :
_bT.C. y E.C. Jack,
_cc1910
300 _a181 p.
500 _a(Century Bible Handbooks)
650 _aBiblia-Antiguo Testamento
650 _aAntiguo Testamento
942 _cBK
999 _c7174
_d7174